logo

Bir Sreshtho Munshi Abdur Rouf Library
Jhenaidah Cadet College

Playing it my way : (Record no. 12772)

MARC details
000 -LEADER
fixed length control field 01086nam a2200325 a 4500
001 - CONTROL NUMBER
control field 12772
003 - CONTROL NUMBER IDENTIFIER
control field BD-JhCC
005 - DATE AND TIME OF LATEST TRANSACTION
control field 20230511091934.0
008 - FIXED-LENGTH DATA ELEMENTS--GENERAL INFORMATION
fixed length control field 230511s2014 enkaf 000 0aeng
020 ## - INTERNATIONAL STANDARD BOOK NUMBER
Canceled/invalid ISBN 9781473605190
Qualifying information (E-book)
020 ## - INTERNATIONAL STANDARD BOOK NUMBER
Canceled/invalid ISBN 978147365176
025 ## - OVERSEAS ACQUISITION NUMBER
Overseas acquisition number I-E-2014362576
037 ## - SOURCE OF ACQUISITION
Source of stock number/acquisition Library of Congress -- New Delhi Overseas Office
040 ## - CATALOGING SOURCE
Original cataloging agency DLC
Language of cataloging eng
Transcribing agency DLC
Description conventions rda
Modifying agency DLC
-- BD-JhCC
042 ## - AUTHENTICATION CODE
Authentication code lcode
-- pcc
043 ## - GEOGRAPHIC AREA CODE
Geographic area code a-ii---
050 00 - LIBRARY OF CONGRESS CALL NUMBER
Classification number GV915.T46
Item number A3 2014
082 ## - DEWEY DECIMAL CLASSIFICATION NUMBER
Classification number 796.358092
Item number TEN 2014
100 1# - MAIN ENTRY--PERSONAL NAME
Personal name Tendulkar, Sachin,
Dates associated with a name 1973-
Relator term author.
245 10 - TITLE STATEMENT
Title Playing it my way :
Remainder of title my autobiography /
Statement of responsibility, etc. Sachin Tendulkar with Boria Majumdar.
264 #1 - PRODUCTION, PUBLICATION, DISTRIBUTION, MANUFACTURE, AND COPYRIGHT NOTICE
Place of production, publication, distribution, manufacture London :
Name of producer, publisher, distributor, manufacturer Hodder & Stoughton,
Date of production, publication, distribution, manufacture, or copyright notice 2014.
300 ## - PHYSICAL DESCRIPTION
Extent x, 486 pages, 32 unnumbered pages of plates :
Other physical details color illustrations ;
Dimensions 24 cm
336 ## - CONTENT TYPE
Content type term text
Content type code txt
Source rdacontent
337 ## - MEDIA TYPE
Media type term unmediated
Media type code n
Source rdamedia
338 ## - CARRIER TYPE
Carrier type term volume
Carrier type code nc
Source rdacarrier
600 10 - SUBJECT ADDED ENTRY--PERSONAL NAME
Personal name Tendulkar, Sachin,
Dates associated with a name 1973-
650 #0 - SUBJECT ADDED ENTRY--TOPICAL TERM
Topical term or geographic name entry element Cricket players
Geographic subdivision India
Form subdivision Biography.
700 1# - ADDED ENTRY--PERSONAL NAME
Personal name Majumdar, Boria,
Dates associated with a name 1976-
Relator term author.
942 ## - ADDED ENTRY ELEMENTS (KOHA)
Source of classification or shelving scheme Dewey Decimal Classification
Koha item type Books
Holdings
Withdrawn status Lost status Source of classification or shelving scheme Damaged status Not for loan Home library Current library Shelving location Date acquired Cost, normal purchase price Total Checkouts Full call number Barcode Date last seen Date last checked out Copy number Price effective from Koha item type
    Dewey Decimal Classification     JCC Rouf Library JCC Rouf Library General Stacks 05/11/2023 1000.00 5 796.358092 TEN 2014 17720 11/09/2024 11/05/2024 C-1 05/11/2023 Books

JCC Library | Contacts | JCC Home

Last Update on 23 September 2017
Copyright @ 2017-2020 JCC Rouf Library
Rouf Library, Jhenidah Cadet College (JCC), Bangladesh